Регионална библиотека "Любен Каравелов" - Русе

Мит и реалност (Запис номер 5876)

MARC детайли
000 -Лидер
Контролно поле с фиксирана дължина 01816nam a2200445 c 4500
003 - Код на организацията, давaща контролен номер
Контролно поле BLK
005 - Дата и час на последна редакция
Контролно поле 20250317121224.0
008 - Елементи от данни с фиксирана дължина
fixed length control field 180412b bul|||||r ||||||| ||bul||
010 ## - Наследен системен номер
LC control number KNG00007086000
020 ## - Международен стандартен номер на книга ISBN
Международен стандартен номер на книга ISBN 954-607-497-7
-- издат.: ЛИК
040 ## - Източник на каталожния запис
Идентификатор на билиотеката - собственик на записа BLK
041 ## - Код за език
Код за езика на текст/звукозапис или на отделно заглавие Български
Код за езика КДБФ Български
080 ## - УДК
Текстов определител УДК
УДК код - определител по УДК 291.2/.3
УДК определител
УДК - код + определител 291.2/.3
080 ## - УДК
Текстов определител УДК
УДК код - определител по УДК 398.3/.4
УДК определител
УДК - код + определител 398.3/.4
080 ## - УДК
Текстов определител УДК Теория и философия на историята. Морфология на историята
УДК код - определител по УДК 930.1
УДК определител
УДК - код + определител 930.1
100 1# - Редна дума - Автор
Автор Елиаде, Мирча
Авторска отговорност първи автор
R(LIN) 249929
139 ## - Редно поле
Редна дума Елиаде, Мирча
Авторски знак Ели - Е 51
245 10 - Сведения за заглавието
Заглавие Мит и реалност
Редно поле (дума) Мирча Елиаде; прев. от англ. Антон Даскалов.
257 ## - Страна на издаване
Страна на създаване/издаване Румъния
260 ## - Област на издателските данни
-- София
Име на издателя, разпространителя и проч. ЛИК
Година на издаване 2001
300 ## - Физическа характеристика
Страници 182 с.
Размери/Мащаб 20 см
380 ## - Жанр
Жанр Религия. Теология
500 ## - Общи забележки
Забележка Прев. по Myth and realiti / Mircea Eliade. - Офс. изд. - Съдържа и Митове и вълшебни приказки ; Основна библиогр. / Рут Нанда Аншен. - Библиогр. под линия.
650 #4 - Допълнително описание по предмет – тема
Основно описание – тема или топоним Религии - история
9 (RLIN) 245761
650 #4 - Допълнително описание по предмет – тема
Основно описание – тема или топоним Митология - философски основи
9 (RLIN) 250723
650 #4 - Допълнително описание по предмет – тема
Основно описание – тема или топоним Цивилизация - история
9 (RLIN) 250724
650 #4 - Допълнително описание по предмет – тема
Основно описание – тема или топоним Космогония
9 (RLIN) 159535
650 #4 - Допълнително описание по предмет – тема
Основно описание – тема или топоним Есхатология
9 (RLIN) 155109
653 ## - Ключова дума – ненормативна
Ключова дума митове
653 ## - Ключова дума – ненормативна
Ключова дума религии
653 ## - Ключова дума – ненормативна
Ключова дума космогония
653 ## - Ключова дума – ненормативна
Ключова дума есхатология
700 1# - Други автори (авторска отговорност)
Лично име Даскалов, Антон
Автороска отговорност (Описва отношението между автора и произведението) прев. от англ.
9 (RLIN) 250722
852 ## - Местоположение
Форматна сигнатура Цб 210686
856 4# - Електронен адрес и достъп
Електронен формат pdf - файл
Път до файла /url/
856 4# - Електронен адрес и достъп
Електронен формат pdf - файл
Път до файла /url/
942 ## - АРТИКУЛИ
Вид на библиотечния материал Книги
Скрит в OPAC Не
Koha issues (borrowed), all copies 2
944 ## - СЪЗДАВАНЕ И РЕДАКЦИЯ на ЗАПИСА
Създаване/Редакция Създаване
Дата на регистрацията/редакция 15.01.2003
Служител, извършил регистрацията/редакцията 30552
Статус, дата на статуса Виолета Тройчева
944 ## - СЪЗДАВАНЕ И РЕДАКЦИЯ на ЗАПИСА
Създаване/Редакция Редакция
Дата на регистрацията/редакция 07.03.2006
Служител, извършил регистрацията/редакцията
999 ## - СИСТЕМНИ КОНТРОЛНИ НОМЕРА
Koha biblionumber 5876
Koha biblioitemnumber 5876
Наличности
Код за отписване Код за изгубен артикул Код за повреда Коз за рестрикции Код за отдаване Артикулен № Име на библиотеката - собственик Име на библиотеката, в която се намира в момента Статус (Текущо местоположение) Дата на вписване в системата Местоположение - отдел Цена в лева Инвентарен номер Систематично азбучна сигнатура Баркод Номер на екземпляра Цена в евро Служебна бележка Служебен тип на артикула
  Не е изгубен Не е повреден без рестрикции ползва се в читалня 10339 Регионална библиотека "Любен Каравелов" Русе Регионална библиотека "Любен Каравелов" Русе Хранилище 2004-03-17 Хранилище 5.90 120000683676 Цб 210686 120000683676 1 3.02 Дост: Dp Вид: Д N: 19 Дата: 24.04.2003 Книги
  Не е изгубен Не е повреден без рестрикции заемане за дома 10340 Регионална библиотека "Любен Каравелов" Русе Регионална библиотека "Любен Каравелов" Русе Заемна - подръчен фонд 2006-03-01 Заемна - подръчен фонд 5.90 120000700481 П 29/Е 51 120000700481 2 3.02 Дост: Ak Вид: Г N: 6 Дата: 01.03.2006 Дата инв: 02.02.2018 Бележки инв: П2018 Книги
Vip Innovations Ltd, Rousse, Bulgaria 2025